Ferrous metallurgy : the manufacture and fabrication of steel /

Kaydedildi:
Detaylı Bibliyografya
Yazar: Teichert, Ernest J. (autor)
Materyal Türü: Kitap
Dil:İngilizce
Baskı/Yayın Bilgisi: Nueva York, EUA : McGraw-Hill, 1944, c1944
Seri Bilgileri:(Mineral Industries Series)
Konular:
Etiketler: Etiketle
Etiket eklenmemiş, İlk siz ekleyin!

MARC

LEADER 00000nam^a2200000^a^4500
001 000068584
005 20250521000000.0
009 20260310091335.268
037 |a Acervo ITESO - Biblioteca 
041 |a ING 
082 |a 669. 1  |b TEI V. 2 
100 |a Teichert, Ernest J.  |e (autor) 
245 1 0 |a Ferrous metallurgy :  |b the manufacture and fabrication of steel /  |c E.J. Teichert. 
264 4 |a Nueva York, EUA :  |b McGraw-Hill,  |c 1944, c1944 
300 |a 487 p. 
336 |a texto  |b txt  |2 rdacontenido 
337 |a sin mediación  |b n  |2 rdamedio 
338 |a volumen  |b nc  |2 rdasoporte 
440 1 |a (Mineral Industries Series) 
649 |a XX 
650 |a Acero 
650 |a Hierro 
650 |a Aleaciones de Hierro 
650 |a Metales 
650 |a Metalurgia 
650 |a Ingeniería Química 
650 |a Industria Siderúrgica y Metalúrgica 
910 |a Fondo General 
920 |a Impresos - Libros 
930 |a Colección General 
905 |a 101 
901 |a 0500023667  |b IT1  |c ACC  |u 20250521 
902 |a https://opac.biblio.iteso.mx/vufind/Record/000068584